[Event "St Petersburg Autumn op"]
[Site "St Petersburg"]
[Date "2009.??.??"]
[Round "1"]
[White "Usmanov, Vasily"]
[Black "Kalyanov, Yury"]
[Result "1-0"]
[WhiteElo "2110"]
[BlackElo "1880"]
[PlyCount "45"]
[EventDate "2009.10.??"]
[EventType "swiss"]
[EventRounds "9"]
[EventCountry "RUS"]
[SourceTitle "EXT 2011"]
[Source "ChessBase"]
[SourceDate "2010.11.26"]
[SourceVersion "1"]
[SourceVersionDate "2010.11.26"]
[SourceQuality "1"]

1. d4 Nf6 2. c4 e6 3. a3 d5 4. Nc3 Be7 5. Bg5 0-0 6. e3 b6 7. Bxf6 Bxf6 8. Nf3 Bb7 9. cxd5 exd5 10. Bd3 Nd7 11. 0-0 g6 12. Rc1 a6 13. b4 Bg7 14. Qb3 Nf6 15. Ne5 Ne4 16. Nxe4 dxe4 17. Bc4 Qe7 18. Bxf7+ Kh8 19. Bd5 Bxe5 20. dxe5 Bxd5 21. Qxd5 a5 22. Qxe4 axb4 23. axb4 1-0